000 00742nam a2200205 i 4500
001 91721
003 ES-MaACL
005 20250809063511.0
007 t|
008 050209s1980 sp ||||1| spa d
080 _a94(460.315 Orihuela)"13/14"
100 1 _aVilar, Juan Bautista,
_d1941-2018
_9114797
245 1 0 _aRelaciones de la gobernación valenciana de Orihuela con el reino nasri de Granada (siglos XIV-XV) /
_cJuan Bautista Vilar.
260 _a[S.l. :
_bs.n.,
_c1980]
300 _ap. [187]-208 ;
_c25 cm.
500 _aSeparata de: Boletín de la Asociación Española de Orientalistas, XVI.
651 4 _aOrihuela-
_xHistoria-
_yS.XIV-XV.
_99141
852 _aES-MaACL
_j2186-F-27
_bR.135366
999 _c91721
_d91721